书目信息 |
| 题名: |
钣金工识图
|
|
| 作者: | 金清肃 主编 | |
| 分册: | ||
| 出版信息: | 北京 化学工业出版社 2007.05 |
|
| 页数: | 144页 | |
| 开本: | 24cm | |
| 丛书名: | 机械工人识图丛书 | |
| 单 册: | ||
| 中图分类: | TG936 | |
| 科图分类: | ||
| 主题词: | 钣金工--ban jin gong--基本知识 | |
| 电子资源: | ||
| ISBN: | 978-7-122-00142-9 | |
| 000 | 00906nam 2200253 450 | |
| 001 | 012007363565 | |
| 005 | 20070929105645.87 | |
| 010 | @a978-7-122-00142-9@dCNY19.00 | |
| 100 | @a20070725d2007 km y0chiy0120 ea | |
| 101 | 0 | @achi |
| 102 | @aCN@b110000 | |
| 105 | @aa a 000yy | |
| 200 | 1 | @a钣金工识图@Aban jin gong shi tu@f金清肃主编@Fjin qing su zhu bian |
| 210 | @a北京@c化学工业出版社@d2007.05 | |
| 215 | @a144页@c图@d24cm | |
| 225 | 2 | @a机械工人识图丛书@Aji xie gong ren shi tu cong shu |
| 320 | @a有书目。 | |
| 330 | @a本书详细讲述了钣金工识图应知应会的基础知识,主要内容包括:钣金工技术图概述、钣金工放样基础、作展开图的方法、常见结构件的展开、型钢结构件的识图和放样、钣金工识图和放样实例。 | |
| 410 | 0 | @12001 @a机械工人识图丛书 |
| 606 | 0 | @a钣金工@Aban jin gong@x基本知识 |
| 690 | @aTG936@v4 | |
| 701 | 0 | @a金清肃@Ajin qing su@4主编 |
| 801 | 0 | @aCN@c20070929 |
| 905 | @dTG936@eJ796 | |
| 钣金工识图/金清肃主编.-北京:化学工业出版社,2007.05 |
| 144页:图;24cm.-(机械工人识图丛书) |
| ISBN 978-7-122-00142-9:CNY19.00 |
| 本书详细讲述了钣金工识图应知应会的基础知识,主要内容包括:钣金工技术图概述、钣金工放样基础、作展开图的方法、常见结构件的展开、型钢结构件的识图和放样、钣金工识图和放样实例。 |
| ● |
| 相关链接 |
|
|
|
正题名:钣金工识图
索取号:TG936/J796
 
预约/预借
| 序号 | 登录号 | 条形码 | 馆藏地/架位号 | 状态 | 备注 |
| 1 | 248043 | 202480430 | 自科库501/501自科库 30排2列5层/ [索取号:TG936/J796] | 在馆 | |
| 2 | 248044 | 202480449 | 自科库501/501自科库 30排2列5层/ [索取号:TG936/J796] | 在馆 |